The history of Pompey the Little.

Bibliographic Details
Main Author: Coventry, Francis, 1725?-1759
Format: Book
Language:English
Published: New York : Garland Pub., 1974.
Series:Flowering of the novel.

MARC

Tag First Indicator Second Indicator Subfields
LEADER 00000cam a2200000 4500
001 in00000042875
005 20151007064914.0
008 750123r19741751nyua 00001 eng
010 |a  74016199  
020 |a 0824011317 
035 |a (OCoLC)01008008 
035 |9 AAE0866AM 
040 |a DLC  |c DLC  |d TXA  |d UtOrBLW 
049 |a TXAM  |c [1383485] 
050 0 0 |a PZ3.C837074  |b Hi5  |a PR3369.C7 
082 0 |a 823/.5 
100 1 |a Coventry, Francis,  |d 1725?-1759. 
245 1 4 |a The history of Pompey the Little. 
264 1 |a New York :  |b Garland Pub.,  |c 1974. 
300 |a viii, 272 pages :  |b illustrations ;  |c 18 cm. 
336 |a text  |b txt  |2 rdacontent 
337 |a unmediated  |b n  |2 rdamedia 
338 |a volume  |b nc  |2 rdacarrier 
490 1 |a The Flowering of the novel 
500 |a Reprint of the 1751 edition printed for M. Cooper, London. 
830 0 |a Flowering of the novel. 
999 |a MARS 
999 f f |s edfd6d2d-1f4d-385b-bf7b-e99645a1b335  |i 5357e0b7-cfd4-3f23-a18d-b6e8bd0f454a  |t 0 
952 f f |p ric  |a Texas A&M University  |b Rellis Campus  |c Joint Library Facility  |d Remote Storage  |t 0  |e PZ3.C837074 Hi5  |h Library of Congress classification  |i unmediated -- volume  |m A14804214959 
998 f f |a PZ3.C837074 Hi5  |t 0  |l Remote Storage